书目信息 |
| 题名: |
毛泽东传
|
|
| 作者: | 肖特 著 ;仝小秋 译 | |
| 分册: | ||
| 出版信息: | 北京 中国青年出版社 2004 |
|
| 页数: | 614页 | |
| 开本: | 22cm | |
| 丛书名: | ||
| 单 册: | ||
| 中图分类: | A751 | |
| 科图分类: | ||
| 主题词: | ||
| 电子资源: | ||
| ISBN: | 7-5006-5446-4 | |
| 000 | 00785nam0 2200229 45 | |
| 001 | 002618517 | |
| 005 | 20041221155330.3 | |
| 010 | @a7-5006-5446-4@dCNY60.00 | |
| 100 | @a20040401d2004 em y0chiy0110 ea | |
| 101 | 1 | @achi@ceng |
| 102 | @aCN@b110000 | |
| 105 | @aa z 000yb | |
| 200 | 1 | @a毛泽东传@AMao Ze Dong Chuan@dMao A Life@f(英)菲力普·肖特著@F(Ying)Fei Li Pu·Xiao Te Zhu@g仝小秋等译 |
| 210 | @a北京@c中国青年出版社@d2004 | |
| 215 | @a614页@c照片@d22cm | |
| 330 | @a本书是外国人视角的毛泽东生平传记,作者力求客观与公允地展现毛泽东作为政治家、军事家和诗人的一生,并展示了20世纪中国的全景。 | |
| 600 | 0 | @a毛泽东@x传记 |
| 690 | @aA751@v4 | |
| 701 | 0 | @a肖特@4著 |
| 702 | 0 | @a仝小秋@ATong Xiao Qiu@4译 |
| 801 | 0 | @aCN@bNLC@c20040511 |
| 905 | @b340651-658@dA751@e109@f8 | |
| 毛泽东传=Mao A Life/(英)菲力普·肖特著/仝小秋等译.-北京:中国青年出版社,2004 |
| 614页:照片;22cm |
| ISBN 7-5006-5446-4:CNY60.00 |
| 本书是外国人视角的毛泽东生平传记,作者力求客观与公允地展现毛泽东作为政治家、军事家和诗人的一生,并展示了20世纪中国的全景。 |
| ● |
| 相关链接 |
|
|
|
|
正题名:毛泽东传
索取号:A751/109
 
预约/预借
| 序号 | 登录号 | 条形码 | 馆藏地/架位号 | 状态 | 备注 |
| 1 | 0340651 | 203406518 | 第一样本阅览室/ [索取号:A751/109] | 在馆 | |
| 2 | 0340652 | 203406527 | 第一借阅区/ [索取号:A751/109] |
已借出,限还日期为2025.03.16 借出人:赵春华 |
|
| 3 | 0340653 | 203406536 | 第一借阅区/ [索取号:A751/109] |
已借出,限还日期为2024.06.11 借出人:张少茹 |
|
| 4 | 0340654 | 203406545 | 第一借阅区/ [索取号:A751/109] | 在馆 | |
| 5 | 0340655 | 203406554 | 第一借阅区/ [索取号:A751/109] | 在馆 | |
| 6 | 0340656 | 203406563 | 第一借阅区/ [索取号:A751/109] | 在馆 | |
| 7 | 0340657 | 203406572 | 第一借阅区/ [索取号:A751/109] | 在馆 | |
| 8 | 0340658 | 203406581 | 第一借阅区/ [索取号:A751/109] | 在馆 |